The Steamroller and the Violin = Katok i skripka /

Ejercicio escolar con el que el cineasta ruso Andrei Tarkovski (1932-1986) culminó sus estudios en el Instituto Estatal de Cinematografía de la Unión Soviética (VGIK, por sus siglas en ruso), el mediometraje de ficción El rodillo y el violín (1960) está centrado en la amistad que establecen Sasha, u...

وصف كامل

محفوظ في:
التفاصيل البيبلوغرافية
المؤلف الرئيسي: Tarkovski, Andrei (realización)
مؤلفون آخرون: Konchalovski, Andrei Mikhalkov (guión) (guión), Tarkovski, Andrei (guión) (guión), Yusov, Vadim (fotógrafo) (fotógrafo), Butuzova, Lyubov (montaje) (montaje), Ovchinnikov, Viacheslav (música) (música), Fomchenko, Igor (actuación) (actuación), Zamansky, Vladimir (actuación) (actuación), Arkhangelskaya, Natalya (actuación) (actuación)
التنسيق: شريحة
اللغة:الروسية
منشور في: Moscú, Rusia : Mosfilm 1960, c1960
الموضوعات:
الوسوم: إضافة وسم
لا توجد وسوم, كن أول من يضع وسما على هذه التسجيلة!

MARC

LEADER 00000ngm^a2200000^a^4500
001 000163220
005 20250521000000.0
009 20260310100901.002
020 |a 1-56580-312-4 
037 |a Acervo ITESO - Biblioteca 
041 |a RUS 
082 |a 891. 7  |b TAR 
100 |a Tarkovski, Andrei  |e (realización) 
240 1 4 |a [El rodillo y el violín] 
245 1 4 |a The Steamroller and the Violin =  |b Katok i skripka /  |c Realización de A. Tarkovski. 
264 4 |a Moscú, Rusia :  |b Mosfilm  |c 1960, c1960 
264 2 |a Chicago, EUA :  |b Facets Video [distribución],  |c 2002, c2002 
300 |a 1 DVD sin dato de región  |c (44 min.) 
336 |a imagen móvil bidimensional  |b tdi  |2 rdacontenido 
337 |a video  |b v  |2 rdamedio 
338 |a videodisco  |b vd  |2 rdasoporte 
520 |a Ejercicio escolar con el que el cineasta ruso Andrei Tarkovski (1932-1986) culminó sus estudios en el Instituto Estatal de Cinematografía de la Unión Soviética (VGIK, por sus siglas en ruso), el mediometraje de ficción El rodillo y el violín (1960) está centrado en la amistad que establecen Sasha, un niño que ama tocar el violín, y Sergey, el rudo conductor de una máquina apisonadora. El entonces joven Tarkovski busca esquivar todo sentimentalismo para ofrecer una visión cálida e irónica de dos individuos que sortean sus distintas diferencias –entre ellas, la generacional- para establecer un lazo profundo y fuerte. Con este ejercicio de fin de carrera, el director ruso se ubicó como una figura promisoria de la cinematografía rusa, expectativa que confirmaría dos años más tarde con La infancia de Iván, su primer largometraje. Participó en este mediometraje como coguionista Andrei Mikhalkov Konchalovski, estudiante del VGIK que en 1965 debutó en la dirección de largometrajes con El primer maestro y quien nuevamente volvería a trabajar con Tarkovski en el guion de Andrei Rúbliov (1966). 
520 |a Suplementos y características especiales (en inglés): 1) Pantallas de texto con biografía y filmografía de Tarkovski. 
546 |a En ruso, con subtítulos opcionales: inglés 
649 |a XX 
650 |a Cortometrajes y Mediometrajes Rusos 
650 |a Cine Ruso -  |y 1960-1969 
650 |a Cine Ruso -  |y Siglo XX 
650 |a Niños en el Cine 
650 |a Paternidad 
650 |a Conflicto (Relaciones Personales) 
650 |a Conflicto Intergeneracional 
650 |a Comunicación Personal 
650 |a Diferencia y Otredad 
650 |a Música en el Cine 
650 |a Arte 
700 |a Konchalovski, Andrei Mikhalkov  |e (guión) 
700 |a Tarkovski, Andrei  |e (guión) 
700 |a Yusov, Vadim  |e (fotógrafo) 
700 |a Butuzova, Lyubov  |e (montaje) 
700 |a Ovchinnikov, Viacheslav  |e (música) 
700 |a Fomchenko, Igor  |e (actuación) 
700 |a Zamansky, Vladimir  |e (actuación) 
700 |a Arkhangelskaya, Natalya  |e (actuación) 
910 |a Fondo General 
920 |a Audiovisuales - DVDs 
940 |a Películas 
905 |a 302 
901 |a 0500048023  |b IT2  |c DVS  |u 20250521 
902 |a https://opac.biblio.iteso.mx/vufind/Record/000163220